Guess the Taylor Swift Song (no hints) 146 - Statistics

General Stats
  • This quiz has been taken 57 times
  • The average score is 355 of 433
Answer Stats
Answer % Correct
I
100%
the
97%
The
97%
a
94%
he
94%
of
94%
who
94%
But
91%
for
91%
go
91%
In
91%
in
91%
is
91%
it
91%
just
91%
know
91%
know,
91%
me
91%
my
91%
not
91%
So
91%
that
91%
That
91%
then
91%
Then
91%
to
91%
up
91%
When
91%
when
91%
You
91%
you
91%
your
91%
all,
88%
all
88%
and
88%
And
88%
And,
88%
at
88%
it's
88%
on
88%
time
88%
was
88%
what
88%
Will
88%
will
88%
from
85%
I've
85%
she
85%
why
85%
how
82%
like
82%
Now
82%
out
82%
thing
82%
nothin'
79%
again,
76%
come
76%
friends
76%
gets
76%
Gets
76%
got
76%
he's
76%
He's
76%
his
76%
left
76%
old
76%
only
76%
right
76%
same
76%
ask
74%
back
74%
body
74%
cold
74%
dreams
74%
gave
74%
Look
74%
run
74%
She's
74%
Sometimes,
74%
yours
74%
chatter
71%
dinner
71%
givin'
71%
hearts
71%
moment
71%
one
71%
other
71%
soul
71%
stay
71%
twin
71%
years
71%
years,
71%
ache
68%
behind
68%
brave
68%
break
68%
caught
68%
each
68%
familiar
68%
find
68%
insisting
68%
job,
68%
kids,
68%
million
68%
snaps
68%
strong
68%
tab
68%
tears
68%
their
68%
Twenty
68%
bones
65%
boss
65%
crook
65%
Fifteen
65%
fifteen
65%
frozen
65%
glass
65%
keeping
65%
little
65%
palace
65%
past
65%
sister
65%
sits
65%
son
65%
walkin'
65%
wondered
65%
words
65%
worse
65%
bled
62%
breaks
62%
fact
62%
greed
62%
knees
62%
Praying
62%
spot
62%
throne
62%
'til
62%
whispers
62%
Begging
59%
Or
59%
prove
59%
seemed,
59%
trying
59%
well,
53%
No matching quizzes found
Score Distribution
Percent of People with Each Score
Percentile by Number Answered
Your Score History
You have not taken this quiz